000
00277 a2200121 4500
020
_a
014062046X
040
_a
DLC
_b
English
082
_a
823.8
100
1
_a
Dickens, Charles.
245
1
0
_a
Oliver Twist
_c
Charles Dickens.
260
_b
Penguin Books,
942
_c
BK
_k
823.8 DIC
_2
ddc
999
_c
4940
_d
4940